Представление документа в формате MARC21

Поле Инд. ПП Название Значение
Тип записи a
Библиографический уровень m
001 Контрольный номер RU/IS/BASE/217346594
005 Дата корректировки 20230516114508.3
008 Кодируемые данные 20061120
022 a ISSN 1727-4893
040 b Код языка каталог. rus
e Правила каталог. PSBO
041 0_ a Код языка текста rus
084 a Индекс другой классификации/Индекс ББК 87
090 a Полочн. индекс 95.2
x Авторский знак Б 595
245 10 a Заглавие Библиотечное дело
n Номер части/ раздела №9/2006
c Ответственность гл. ред. Т. Филиппова
260 a Место издания Санкт-Петербург
b Издательство Агентство Информ-Планета
c Дата издания 2006
300 a Объем 44 с.
500 a Примечание Журнал
504 a Библиография Биобиблиографический справочник "Модельеры XX века" в конце выпуска
600 a Персоналии Ириб Поль
650 a Основная рубрика библиотечное дело
653 a Ключевые слова библиотеки
a Ключевые слова история библиотек
a Ключевые слова история моды
a Ключевые слова мода
a Ключевые слова модельеры
a Ключевые слова чтение
773 w Контрольный № источника RU/IS/BASE/406137935
901 t Тип документа s